00862nam a2200193 a 4500003000200000005001700002008004100019050003300060100002500093245017500118260009000293300004000383504004100423650003400464650003400498650003500532650004800567651005300615020250210154755.0130126s19uu xx 00 eng d aPHS PN 1995.9.P6b.D155 2012 aDamasco, Ida Bianca. aThe ideologies portrayed in selected films in the martial law era :bthe importance of film portraying the actual events of the Philippine society /cIda Bianca Damasco. aLas Piñas City, Philippines :bSouthville International School and Colleges,c2012. a23 pages :billustrations ;c28 cm. aIncludes bibliographical references. aMotion picturesxPhilippines. aPolitical filmszPhilippines. aFilm and societyzPhilippines. aPropaganda in motion pictureszPhilippines. aPhilippinesxPolitics and governmentx1973-1986.